| 000 | 00352nam a2200145Ia 4500 | ||
|---|---|---|---|
| 008 | 230711s9999||||xx |||||||||||||| ||und|| | ||
| 041 | _aENG | ||
| 082 |
_a620 _bPO-M |
||
| 100 | _aPopov,EP | ||
| 245 | 0 | _aMechanics of materials | |
| 250 | _a2nd | ||
| 260 |
_c1991 _aNew Delhi _bPHI Learning Private Limited |
||
| 650 | _aMechanical Engineering | ||
| 942 | _cBK | ||
| 999 |
_c94 _d94 |
||